000 00217 a2200097 4500
001 42156
100 _aHaywar
245 _aJane's Dictionary of Mic. Terms
260 _a
_bMacdonald & Janes
_c
090 _c26145
_d26145
942 _aNUST-CAE
_cM
_c17942
999 _c277229
_d277229